[Event "58h World U20 ch"]
[Site "New Delhi IND"]
[Date "2019.10.23"]
[Round "9.13"]
[White "Di Benedetto, Edoardo"]
[Black "Tabatabaei, Mohammadamin"]
[Result "1/2-1/2"]
[WhiteElo "2401"]
[BlackElo "2642"]
[EventDate "2019.10.15"]
[PlyCount "202"]

1.d4 Nf6 2.c4 e6 3.Nc3 d5 4.Bg5 Be7 5.e3 O-O 6.Nf3 h6 7.Bh4 b6 8.Be2 Bb7 
9.O-O Nbd7 10.Rc1 c5 11.cxd5 exd5 12.dxc5 bxc5 13.Na4 Rc8 14.Bd3 g5 15.Bg3
Ne4 16.Bxe4 dxe4 17.Ne5 Nxe5 18.Bxe5 f6 19.Bg3 Qxd1 20.Rfxd1 Rfd8 21.Rxd8+
Rxd8 22.h3 Rd5 23.Bb8 Bc6 24.Nc3 Rd2 25.Bxa7 Rxb2 26.a4 c4 27.a5 Rb3 28.
Bd4 Ra3 29.Nb1 Ra4 30.a6 Rxa6 31.Rxc4 Kf7 32.Rc1 h5 33.Nc3 h4 34.Ne2 Bd7 
35.Ra1 Rxa1+ 36.Bxa1 Ke6 37.g3 hxg3 38.fxg3 f5 39.Bd4 Kd5 40.Kf2 Kc4 41.
Ba7 Kd3 42.Nc1+ Kc2 43.Ne2 Bb4 44.Bd4 Be7 45.Bb6 Bc8 46.Nd4+ Kd3 47.Ne2 
Bf6 48.Bc5 Ba6 49.Bb6 Bc4 50.Bc7 Bf7 51.Bb6 Bh5 52.Nc1+ Kc2 53.Ne2 Kd2 54.
Ba5+ Kd3 55.Nc1+ Kc4 56.Ne2 Be5 57.Bd8 Kd3 58.Nc1+ Kc2 59.Ne2 Kd3 60.Nc1+ 
Kc2 61.Ne2 Kd2 62.g4 fxg4 63.hxg4 Bxg4 64.Ng3 Bf3 65.Bxg5 Bc3 66.Nxe4+ 
Bxe4 67.Kg3 Kd3 68.Kf4 Bg7 69.Bd8 Bf8 70.Bf6 Bc6 71.Bd4 Kc4 72.Kf5 Kd5 73.
Kg6 Ke6 74.Kh7 Kf7 75.Kh8 Be4 76.Bc3 Bc5 77.Bb2 Bxe3 78.Ba1 Bh6 79.Bb2 Bg6
80.Ba1 Ke6 81.Bb2 Kd5 82.Ba1 Bf4 83.Bb2 Kc4 84.Bg7 Be8 85.Bf6 Bc6 86.Bg7 
Be4 87.Bf6 Bd6 88.Bg7 Kd5 89.Bf6 Ke6 90.Bb2 Kf7 91.Ba1 Bd5 92.Bb2 Kf8 93.
Ba1 Bg8 94.Bb2 Be7 95.Ba1 Ba3 96.Bc3 Bc5 97.Bb2 Kf7 98.Ba1 Bf8 99.Bb2 Be7 
100.Ba1 Bf6+ 101.Bxf6 Kxf6 1/2-1/2

[Event "58h World U20 ch"]
[Site "New Delhi IND"]
[Date "2019.10.23"]
[Round "9.14"]
[White "Albornoz Cabrera, Carlos Daniel"]
[Black "Percivaldi, Martin"]
[Result "1-0"]
[WhiteElo "2581"]
[BlackElo "2391"]
[EventDate "2019.10.15"]
[PlyCount "59"]

1.e4 e5 2.Nf3 Nc6 3.Bb5 a6 4.Ba4 Nf6 5.O-O Be7 6.Re1 b5 7.Bb3 d6 8.c3 O-O 
9.h3 Nb8 10.d4 Nbd7 11.c4 c6 12.Qc2 Bb7 13.dxe5 dxe5 14.a3 Bc5 15.Nc3 h6 
16.Be3 Bxe3 17.Rxe3 g6 18.Rd1 Qe7 19.Ba2 Nh5 20.Red3 Ndf6 21.Rd6 c5 22.
cxb5 axb5 23.Nxb5 Bxe4 24.Qc3 Rae8 25.R6d2 Bc6 26.Nd6 Ne4 27.Qc2 Nxd2 28.
Qxg6+ Ng7 29.Rxd2 Bxf3 30.Nf5 1-0

[Event "58h World U20 ch"]
[Site "New Delhi IND"]
[Date "2019.10.23"]
[Round "9.15"]
[White "Pranav, V."]
[Black "Harsha, Bharathakoti"]
[Result "0-1"]
[WhiteElo "2308"]
[BlackElo "2530"]
[EventDate "2019.10.15"]
[PlyCount "132"]

1.e4 c5 2.Nf3 d6 3.d4 cxd4 4.Nxd4 Nf6 5.Nc3 a6 6.Be2 e5 7.Nb3 Be7 8.O-O 
O-O 9.Kh1 b6 10.Be3 Bb7 11.f3 b5 12.a3 Nbd7 13.Qd2 Rc8 14.Rfd1 Qc7 15.Qe1 
Rfd8 16.Rd2 Nc5 17.Qf2 Nxb3 18.cxb3 Qb8 19.Bb6 Rd7 20.Rad1 Bc6 21.Be3 h6 
22.Qg3 Kh8 23.Qh3 Rdc7 24.b4 Bd7 25.Qg3 Be6 26.Bd3 Bb3 27.Bc2 Bxc2 28.Rxc2
Rc4 29.Qe1 Qb7 30.Rcd2 Qd7 31.Rd3 Qe6 32.g3 Kh7 33.Kg2 Kh8 34.R1d2 Kh7 35.
Qd1 R4c6 36.a4 Rb8 37.Nd5 Bf8 38.Ra3 Rc4 39.b3 Rcc8 40.axb5 axb5 41.Ra6 
Nxd5 42.Rxd5 Rc3 43.Bd2 Rc7 44.Qe2 Rc2 45.Qd3 Rbc8 46.Qxb5 Rb2 47.Rc6 Ra8 
48.Qd3 Raa2 49.Qe3 Qxd5 50.exd5 Rxd2+ 51.Kh3 Rxh2+ 52.Kg4 g6 53.Rc7 h5+ 
54.Kg5 Bh6+ 55.Kf6 Bxe3 56.Rxf7+ Kh6 57.Rf8 Bg5+ 58.Kf7 Ra7+ 59.Kg8 Rg7+ 
60.Kh8 Rc2 61.b5 Bf6 62.b6 Rb7+ 63.Kg8 Bg7 64.Re8 Rxb6 65.Ra8 Rb7 66.Ra6 
Rc8# 0-1

[Event "58h World U20 ch"]
[Site "New Delhi IND"]
[Date "2019.10.23"]
[Round "9.16"]
[White "Audi, Ameya"]
[Black "Lobanov, Sergei"]
[Result "1/2-1/2"]
[WhiteElo "2336"]
[BlackElo "2516"]
[EventDate "2019.10.15"]
[PlyCount "70"]

1.e4 e5 2.Nf3 Nc6 3.Bc4 Nf6 4.d4 exd4 5.e5 d5 6.Bb5 Ne4 7.Nxd4 Bd7 8.Bxc6 
bxc6 9.O-O Bc5 10.f3 Ng5 11.f4 Ne4 12.Be3 O-O 13.Nd2 f5 14.Nxe4 fxe4 15.
Qd2 Qe7 16.Nb3 Bb6 17.Qc3 g5 18.fxg5 Bxe3+ 19.Qxe3 Qxe5 20.Nc5 Bg4 21.h3 
d4 22.Qxe4 Qxc5 23.Qxg4 d3+ 24.Kh1 dxc2 25.g6 Rae8 26.gxh7+ Kxh7 27.Qd7+ 
Kh6 28.Qd2+ Kh5 29.Rac1 Rxf1+ 30.Rxf1 Rf8 31.Qe2+ Kh6 32.Qe6+ Kg7 33.Qg4+ 
Kh6 34.Qe6+ Kg7 35.Qg4+ Kh6 1/2-1/2

[Event "58h World U20 ch"]
[Site "New Delhi IND"]
[Date "2019.10.23"]
[Round "9.17"]
[White "Haria, Ravi"]
[Black "Raja Rithvik, R."]
[Result "1-0"]
[WhiteElo "2463"]
[BlackElo "2369"]
[EventDate "2019.10.15"]
[PlyCount "121"]

1.e4 c5 2.Nf3 d6 3.Bb5+ Nd7 4.a4 Nf6 5.Nc3 a6 6.Be2 b6 7.d4 cxd4 8.Qxd4 
Bb7 9.O-O e5 10.Qe3 Be7 11.Nd2 O-O 12.Rd1 Qc7 13.Nc4 Nc5 14.f3 Ncxe4 15.
Nxe4 Bxe4 16.Qxb6 Qxb6+ 17.Nxb6 Rab8 18.Be3 Bb7 19.a5 d5 20.Bf2 Rfd8 21.c3
Ne8 22.Bf1 Nc7 23.Re1 f6 24.f4 e4 25.Rad1 f5 26.Be3 Ne6 27.Rd2 g5 28.g3 d4
29.cxd4 Bb4 30.Bc4 Kf7 31.Red1 gxf4 32.Bxf4 Bxd2 33.Rxd2 Ke7 34.Bxe6 Kxe6 
35.Bxb8 Rxb8 36.Kf2 Bd5 37.Rc2 h5 38.Rc5 Rd8 39.Ke3 Bb3 40.Rc3 Bd5 41.b4 
h4 42.Nxd5 Kxd5 43.Rc5+ Ke6 44.Rc6+ Kd5 45.Rc5+ Ke6 46.g4 fxg4 47.Rg5 g3 
48.hxg3 hxg3 49.Kxe4 Rb8 50.Rxg3 Rxb4 51.Rg6+ Kd7 52.Rxa6 Rb5 53.Kd3 Kc7 
54.Kc4 Rh5 55.d5 Rh1 56.Rc6+ Kd7 57.a6 Rc1+ 58.Kb5 Rb1+ 59.Kc5 Rb2 60.a7 
Ra2 61.Kb6 1-0

[Event "58h World U20 ch"]
[Site "New Delhi IND"]
[Date "2019.10.23"]
[Round "9.18"]
[White "Rahul Srivatshav, P."]
[Black "Winkelman, Albert"]
[Result "1-0"]
[WhiteElo "2460"]
[BlackElo "2143"]
[EventDate "2019.10.15"]
[PlyCount "51"]

1.c4 Nf6 2.Nc3 e5 3.Nf3 Nc6 4.e4 Bc5 5.Nxe5 Nxe5 6.d4 Bb4 7.dxe5 Nxe4 8.
Qf3 Nxc3 9.bxc3 Ba5 10.Bf4 O-O 11.O-O-O Qe7 12.Kb2 c6 13.Bd3 f5 14.Bc2 Bc7
15.Qe3 b6 16.h3 Ba6 17.g4 fxg4 18.hxg4 g6 19.Bg5 Qxe5 20.Rxd7 Qxe3 21.Bxe3
Be5 22.Rhxh7 Bc8 23.Rxa7 Rxa7 24.Rxa7 Bb8 25.Ra8 Bb7 26.Ra3 1-0

[Event "58h World U20 ch"]
[Site "New Delhi IND"]
[Date "2019.10.23"]
[Round "9.19"]
[White "Raja, Harshit"]
[Black "Zlatin, Alexander"]
[Result "1-0"]
[WhiteElo "2440"]
[BlackElo "2263"]
[EventDate "2019.10.15"]
[PlyCount "49"]

1.Nf3 Nf6 2.g3 g6 3.Bg2 Bg7 4.O-O O-O 5.c4 d6 6.d4 c5 7.Nc3 Nc6 8.dxc5 
dxc5 9.Be3 Nd7 10.Qc1 Qa5 11.Bd2 Nd4 12.Re1 Nxf3+ 13.exf3 Ne5 14.Nd5 Qd8 
15.Bg5 f6 16.Rxe5 fxg5 17.Rxe7 h6 18.Qe1 g4 19.Rd1 Kh8 20.Nc7 Bd4 21.Nb5 
Qb6 22.Nxd4 cxd4 23.Qe5+ Qf6 24.Qxf6+ Rxf6 25.Rxd4 1-0

[Event "58h World U20 ch"]
[Site "New Delhi IND"]
[Date "2019.10.23"]
[Round "9.20"]
[White "Milikow, Yoav"]
[Black "Davtian, Artur"]
[Result "0-1"]
[WhiteElo "2199"]
[BlackElo "2418"]
[EventDate "2019.10.15"]
[PlyCount "93"]

1.d4 d5 2.c4 e6 3.Nc3 Be7 4.cxd5 exd5 5.Bf4 c6 6.e3 Bf5 7.g4 Be6 8.h3 Nd7 
9.Bd3 h5 10.gxh5 Ndf6 11.Nf3 Nxh5 12.Bh2 Bd6 13.Ne5 Ne7 14.Qf3 Qc7 15.
O-O-O O-O-O 16.Kb1 f6 17.Ng6 Bxh2 18.Nxe7+ Qxe7 19.Rxh2 g5 20.Na4 Kb8 21.
Nc5 Bc8 22.Bf5 Bxf5+ 23.Qxf5 Ng7 24.Qf3 Rh4 25.Rg1 b6 26.Nd3 Kb7 27.Kc2 
Rdh8 28.a4 Qe6 29.Rgh1 Nf5 30.Qg2 a5 31.Kd2 Nd6 32.b3 c5 33.dxc5 Ne4+ 34.
Ke2 Rc8 35.Rc1 bxc5 36.f3 c4 37.bxc4 dxc4 38.Ne1 Nc5 39.f4+ Ka7 40.Rb1 
Rxf4 41.Rb5 c3 42.Rxa5+ Kb6 43.Rb5+ Ka6 44.Rxc5 Qa2+ 45.Kd3 Rd8+ 46.Qd5 
Rxd5+ 47.Kxc3 0-1

[Event "58h World U20 ch"]
[Site "New Delhi IND"]
[Date "2019.10.23"]
[Round "9.21"]
[White "Agmanov, Zhandos"]
[Black "Aaryan, Varshney"]
[Result "1/2-1/2"]
[WhiteElo "2403"]
[BlackElo "2239"]
[EventDate "2019.10.15"]
[PlyCount "112"]

1.e4 c5 2.Nf3 d6 3.d4 cxd4 4.Nxd4 Nf6 5.Nc3 a6 6.Be3 e5 7.Nb3 Be6 8.h3 Be7
9.f4 exf4 10.Bxf4 Nc6 11.Qe2 Nd7 12.O-O-O Nde5 13.Kb1 O-O 14.g4 Rc8 15.Qd2
h6 16.Be2 Re8 17.Rhf1 b5 18.Nd5 Bg5 19.Bxg5 Qxg5 20.Nf4 Nc4 21.Bxc4 Bxc4 
22.Rfe1 a5 23.Ng2 Qxd2 24.Rxd2 Rcd8 25.Nd4 Nxd4 26.Rxd4 Be6 27.Nf4 Bc8 28.
Nd3 Bb7 29.Kc1 b4 30.Kd2 f6 31.c4 bxc3+ 32.bxc3 Re7 33.e5 fxe5 34.Rxe5 
dxe5 35.Rxd8+ Kh7 36.Nc5 Bg2 37.h4 Bh3 38.Rd7 Rxd7+ 39.Nxd7 Bxg4 40.Nxe5 
Be6 41.c4 g5 42.hxg5 hxg5 43.Ke3 Kg7 44.a4 Kf6 45.Kd4 g4 46.Nxg4+ Bxg4 47.
Kc5 Bd7 48.Kb6 Bxa4 49.Kxa5 Bb3 50.c5 Bd5 51.Kb6 Ke7 52.Kc7 Ke6 53.Kd8 Bc6
54.Kc7 Kd5 55.Kb6 Bb7 56.Kxb7 Kxc5 1/2-1/2

[Event "58h World U20 ch"]
[Site "New Delhi IND"]
[Date "2019.10.23"]
[Round "9.22"]
[White "Muthaiah, A. L."]
[Black "Muradli, Mahammad"]
[Result "1/2-1/2"]
[WhiteElo "2370"]
[BlackElo "2459"]
[EventDate "2019.10.15"]
[PlyCount "77"]

1.Nf3 Nf6 2.g3 g6 3.c4 c6 4.b3 d6 5.d4 Ne4 6.Bg2 Qa5+ 7.Nfd2 Bf5 8.Bb2 
Nxd2 9.Nxd2 Bg7 10.O-O O-O 11.e4 Bd7 12.Qc2 Na6 13.a3 Qb6 14.d5 Bxb2 15.
Qxb2 e5 16.b4 f6 17.dxc6 bxc6 18.Nb3 c5 19.b5 Nc7 20.a4 Ne6 21.Bh3 Qb7 22.
Na5 Qxe4 23.Bg2 Qf5 24.Bxa8 Rxa8 25.f4 exf4 26.Qg2 Re8 27.Qd5 Qxd5 28.cxd5
Ng5 29.gxf4 Nh3+ 30.Kg2 Re2+ 31.Kf3 Rc2 32.Nc6 g5 33.fxg5 Nxg5+ 34.Ke3 
Rc3+ 35.Kf2 Rc2+ 36.Ke3 Rc3+ 37.Kf2 Rc2+ 38.Ke3 Rc3+ 39.Kf2 1/2-1/2

[Event "58h World U20 ch"]
[Site "New Delhi IND"]
[Date "2019.10.23"]
[Round "9.23"]
[White "Batsuren, Dambasuren"]
[Black "Sankalp, Gupta"]
[Result "1-0"]
[WhiteElo "2454"]
[BlackElo "2369"]
[EventDate "2019.10.15"]
[PlyCount "87"]

1.d4 Nf6 2.c4 g6 3.Nc3 Bg7 4.Nf3 O-O 5.g3 c5 6.d5 e6 7.dxe6 dxe6 8.Qxd8 
Rxd8 9.Bg2 Nc6 10.O-O Nd7 11.Bg5 f6 12.Be3 e5 13.Nd2 Nd4 14.Bxd4 exd4 15.
Nd5 f5 16.Nb3 Rb8 17.Rfe1 Kf8 18.Rad1 b6 19.e3 Ba6 20.exd4 Bxc4 21.Nf4 g5 
22.Bd5 Bxd5 23.Nxd5 Re8 24.Ne3 f4 25.Nf5 fxg3 26.hxg3 cxd4 27.Nxg7 Kxg7 
28.Nxd4 Ne5 29.Rxe5 Rxe5 30.Nc6 Rbe8 31.Rd7+ Kg6 32.Nxe5+ Rxe5 33.Rxa7 Re2
34.b4 h5 35.a4 Rb2 36.b5 Ra2 37.Ra6 Kf5 38.Rxb6 Rxa4 39.Rb8 Rb4 40.b6 Kg4 
41.Kg2 Rb3 42.b7 Rb2 43.Rf8 Rxb7 44.f3# 1-0

[Event "58h World U20 ch"]
[Site "New Delhi IND"]
[Date "2019.10.23"]
[Round "9.24"]
[White "Parkhov, Yair"]
[Black "Bharath, Subramaniyam H."]
[Result "1-0"]
[WhiteElo "2350"]
[BlackElo "2417"]
[EventDate "2019.10.15"]
[PlyCount "121"]

1.d4 Nf6 2.c4 e6 3.Nf3 c5 4.d5 exd5 5.cxd5 d6 6.Nc3 g6 7.e4 Bg7 8.Be2 O-O 
9.Be3 a6 10.a4 Re8 11.Nd2 Nbd7 12.O-O Rb8 13.Qc2 h6 14.Rab1 Ne5 15.Bf4 Qc7
16.b4 cxb4 17.Rxb4 Bd7 18.Rc1 Nfg4 19.Rbb1 Qc5 20.Bg3 f5 21.Qa2 Rbc8 22.h3
f4 23.Nd1 Qxc1 24.Rxc1 Rxc1 25.Bxf4 Nd3 26.Bxd3 Rxd1+ 27.Bf1 Rf8 28.Qc2 
Ra1 29.hxg4 Rxf4 30.Qc7 Bxg4 31.Qxd6 Rf6 32.Qg3 Be2 33.d6 Bxf1 34.Nxf1 Kh7
35.e5 Rf8 36.e6 Rd1 37.e7 Re8 38.Qf4 Rc8 39.Qg4 Rcc1 40.Qxd1 Rxd1 41.e8=Q 
Rxd6 42.Ne3 b5 43.axb5 axb5 44.Qxb5 h5 45.g3 Kh6 46.Kg2 Kh7 47.Nd5 Kh6 48.
Qc4 Kh7 49.Qe4 Ra6 50.Nc7 Ra7 51.Ne6 Bh6 52.f4 Rf7 53.Nd4 Bg7 54.f5 Rf6 
55.fxg6+ Rxg6 56.Ne6 Bh6 57.Kh3 h4 58.gxh4 Bf4 59.h5 Kh8 60.Qxg6 Bg5 61.
Nf8 1-0

[Event "58h World U20 ch"]
[Site "New Delhi IND"]
[Date "2019.10.23"]
[Round "9.25"]
[White "Sammed Shete, Jaykumar"]
[Black "Garidmagnai, Byambasuren"]
[Result "0-1"]
[WhiteElo "2392"]
[BlackElo "2327"]
[EventDate "2019.10.15"]
[PlyCount "56"]

1.e4 e6 2.d4 d5 3.Nd2 c5 4.Ngf3 cxd4 5.exd5 Qxd5 6.Bc4 Qd6 7.O-O Nf6 8.Nb3
a6 9.a4 Qc7 10.Qxd4 Nc6 11.Qh4 Ne7 12.Bd3 Ned5 13.c4 Nb4 14.Bf4 Bd6 15.
Bxd6 Qxd6 16.c5 Qxd3 17.Qxb4 Nd5 18.Qa3 O-O 19.Rad1 Qg6 20.Ne5 Qg5 21.Rfe1
Nf4 22.g3 f6 23.Nf3 Qh5 24.Nbd4 Nh3+ 25.Kg2 e5 26.Qb3+ Kh8 27.Ne2 Bd7 28.
Nf4 Nxf4+ 0-1

[Event "58h World U20 ch"]
[Site "New Delhi IND"]
[Date "2019.10.23"]
[Round "9.26"]
[White "Anuj, Shrivatri"]
[Black "Raahul, Vijayakumar Sharmila"]
[Result "0-1"]
[WhiteElo "2390"]
[BlackElo "2262"]
[EventDate "2019.10.15"]
[PlyCount "66"]

1.Nf3 Nf6 2.c4 e6 3.g3 d5 4.d4 c6 5.Bg2 dxc4 6.O-O b5 7.b3 cxb3 8.axb3 Bb7
9.Ne5 Qb6 10.Nc3 Bb4 11.Qd3 O-O 12.Ne4 Nxe4 13.Bxe4 f5 14.Bf3 c5 15.d5 Qd6
16.Qxb5 Bxd5 17.Bf4 Bxf3 18.exf3 a6 19.Qb7 Qd5 20.Qc7 Bc3 21.Rac1 Bd4 22.
Nc4 Nd7 23.Rfd1 e5 24.Bg5 f4 25.Qd6 Qxd6 26.Nxd6 fxg3 27.Kg2 gxh2 28.b4 
cxb4 29.Rc7 Nb6 30.Re7 Nd5 31.Rd7 b3 32.Ne4 Nb6 33.Re7 b2 0-1

[Event "58h World U20 ch"]
[Site "New Delhi IND"]
[Date "2019.10.23"]
[Round "9.28"]
[White "Aronyak, Ghosh"]
[Black "Saurabh, Anand"]
[Result "1/2-1/2"]
[WhiteElo "2380"]
[BlackElo "2236"]
[EventDate "2019.10.15"]
[PlyCount "25"]

1.d4 d5 2.Nf3 Nf6 3.c4 e6 4.g3 Bb4+ 5.Bd2 Be7 6.Bg2 O-O 7.O-O c6 8.Qc2 
Nbd7 9.Bf4 Nh5 10.Bc1 Nhf6 11.Bf4 Nh5 12.Bc1 Nhf6 13.Bf4 1/2-1/2

[Event "58h World U20 ch"]
[Site "New Delhi IND"]
[Date "2019.10.23"]
[Round "9.29"]
[White "Miciano, John Marvin"]
[Black "Tica, Sven"]
[Result "1/2-1/2"]
[WhiteElo "2345"]
[BlackElo "2418"]
[EventDate "2019.10.15"]
[PlyCount "111"]

1.e4 c6 2.d4 d5 3.Nd2 g6 4.c3 Bg7 5.e5 h5 6.f4 Nh6 7.Ndf3 Bg4 8.h3 Bxf3 9.
Nxf3 Nf5 10.Bd3 Ng3 11.Rg1 e6 12.Be3 h4 13.Qd2 Nd7 14.Bf2 Bh6 15.O-O-O Nb6
16.Kb1 Qe7 17.Qe3 Nc4 18.Bxc4 Nf5 19.Qe1 dxc4 20.Nxh4 Bxf4 21.Nf3 Qd7 22.
Qe4 Bh6 23.g4 Ne7 24.Bh4 Nd5 25.Bf6 Nxf6 26.exf6 Qd5 27.Rde1 Bf8 28.h4 Bd6
29.Rh1 O-O-O 30.Qe3 b5 31.Ng5 Rd7 32.Ref1 c5 33.h5 cxd4 34.cxd4 gxh5 35.
Rxh5 Rxh5 36.gxh5 Qg2 37.Qg1 Qe2 38.Rf3 Bf8 39.a3 Bh6 40.Rg3 Qxh5 41.Ka1 
Rd5 42.Ne4 Bf4 43.Rg8+ Kc7 44.Rg7 Bh2 45.Qe3 Qd1+ 46.Ka2 Qxd4 47.Rxf7+ Kc6
48.Qxd4 Rxd4 49.Ng5 Rd2 50.Ne4 Re2 51.Nc3 Rf2 52.Ne4 Re2 53.Nc3 Rf2 54.Ne4
Re2 55.Nc3 Rf2 56.Ne4 1/2-1/2

[Event "58h World U20 ch"]
[Site "New Delhi IND"]
[Date "2019.10.23"]
[Round "9.30"]
[White "Hollan, Martin"]
[Black "Nitish, Belurkar"]
[Result "1/2-1/2"]
[WhiteElo "2403"]
[BlackElo "2311"]
[EventDate "2019.10.15"]
[PlyCount "157"]

1.c4 Nf6 2.Nc3 e6 3.e4 d5 4.e5 d4 5.exf6 dxc3 6.bxc3 Qxf6 7.d4 Nc6 8.Nf3 
e5 9.Bg5 Qg6 10.d5 Nb8 11.Bd3 Bf5 12.Qa4+ Nd7 13.Qxd7+ Bxd7 14.Bxg6 hxg6 
15.Nxe5 Bf5 16.Be3 f6 17.Nf3 Bd3 18.Nd4 Bxc4 19.Ne6 Bd6 20.Bf4 Bxf4 21.
Nxf4 O-O-O 22.O-O-O g5 23.Ng6 Rhe8 24.Rhe1 Kd7 25.f4 Rxe1 26.Rxe1 Bxd5 27.
fxg5 fxg5 28.Re5 Bxg2 29.Rxg5 Be4 30.Nf4 Rf8 31.Rxg7+ Kd6 32.Rg4 Ke5 33.
Ng6+ Bxg6 34.Rxg6 Rf2 35.Rg7 Kd6 36.Kb1 Rxh2 37.Rg6+ Kc5 38.Rg7 Kb6 39.
Rg6+ c6 40.Rg7 Rf2 41.Rh7 Rg2 42.Rf7 a5 43.Rf5 Ka6 44.Rc5 Rd2 45.Rh5 Rg2 
46.Rf5 Kb6 47.Rh5 Rd2 48.Rg5 c5 49.Rg4 Kb5 50.Rh4 Kc6 51.Rh5 Kb5 52.Rh4 c4
53.Rh7 b6 54.Rh6 Rg2 55.Rf6 Rd2 56.Rh6 Kc5 57.Rh5+ Rd5 58.Rh2 Kb5 59.Kb2 
Ka4 60.Rg2 Rb5+ 61.Ka1 Ka3 62.Rb2 Rh5 63.Rxb6 Rh3 64.Kb1 Rh1+ 65.Kc2 Kxa2 
66.Rb5 a4 67.Rb2+ Ka3 68.Rb4 Rh4 69.Kb1 Rg4 70.Kc2 Rg2+ 71.Kb1 Rg4 72.Kc2 
Rg2+ 73.Kb1 Rf2 74.Rxc4 Kb3 75.Rb4+ Kxc3 76.Rb8 a3 77.Ka1 a2 78.Rc8+ Kb3 
79.Rb8+ 1/2-1/2

[Event "58h World U20 ch"]
[Site "New Delhi IND"]
[Date "2019.10.23"]
[Round "9.31"]
[White "Dobrovoljc, Vid"]
[Black "Risting, Eivind Olav"]
[Result "1-0"]
[WhiteElo "2389"]
[BlackElo "2289"]
[EventDate "2019.10.15"]
[PlyCount "55"]

1.e4 c5 2.Nf3 d6 3.d4 cxd4 4.Nxd4 Nf6 5.Nc3 Nc6 6.Bg5 e6 7.Qd2 Be7 8.O-O-O
O-O 9.f4 Nxd4 10.Qxd4 Qa5 11.Be2 Bd7 12.e5 dxe5 13.fxe5 Bc6 14.Bxf6 gxf6 
15.Nd5 Bxd5 16.exf6 Bxf6 17.Qxf6 Be4 18.Bd3 Bg6 19.Kb1 Rfd8 20.Rhf1 Rac8 
21.h4 Qh5 22.g4 Qxg4 23.Rg1 Qh3 24.Rdf1 Rd7 25.h5 Qxh5 26.Bxg6 hxg6 27.Rh1
Rcd8 28.Kc1 1-0

[Event "58h World U20 ch"]
[Site "New Delhi IND"]
[Date "2019.10.23"]
[Round "9.33"]
[White "Neelash, Saha"]
[Black "Donoso Diaz, Sebastian"]
[Result "0-1"]
[WhiteElo "2334"]
[BlackElo "2203"]
[EventDate "2019.10.15"]
[PlyCount "156"]

1.d4 d5 2.c4 dxc4 3.e4 e5 4.Nf3 exd4 5.Bxc4 Nc6 6.O-O Be6 7.Nbd2 Bd6 8.Qb3
Qd7 9.Qb4 b5 10.Qxb5 Rb8 11.Qa6 Nge7 12.a3 O-O 13.b4 Ng6 14.Bb2 Bh3 15.
Rfc1 Bxg2 16.Kxg2 Nce5 17.Nxe5 Bxe5 18.Kf1 Rb6 19.Qxa7 Nf4 20.Ke1 Qg4 21.
Bf1 d3 22.Nc4 Ng2+ 23.Kd2 Qf4+ 24.Kxd3 Bxb2 25.Nxb2 Qxf2 26.Qxc7 Rbb8 27.
Nc4 Rfd8+ 28.Kc3 Nf4 29.Qc5 Qxh2 30.Qe3 Ne6 31.Rd1 Rdc8 32.Rd2 Qe5+ 33.Rd4
Ra8 34.a4 f5 35.Rd1 f4 36.Qf2 Rxa4 37.Kb3 Qb5 38.Na3 Rc3+ 39.Kxc3 Rxa3+ 
40.Kb2 Qa4 41.Rd8+ Kf7 42.R8d7+ Ke8 43.Rd8+ Kf7 44.R8d7+ Kg6 45.Qg1+ Rg3 
46.Qxg3+ fxg3 47.Kc3 Qa3+ 48.Kc4 g2 49.Bd3 Qa2+ 50.Kb5 Nf4 51.Bc4 Qf2 52.
R1d6+ Kg5 53.Rxg7+ Ng6 54.Rd1 g1=Q 55.Rxg1+ Qxg1 56.Rxh7 Qd4 57.Bd5 Nf4 
58.Rc7 Nd3 59.Rc4 Qa7 60.Rc3 Ne5 61.Rg3+ Kf6 62.Rg8 Nd7 63.Re8 Qb6+ 64.Kc4
Qa6+ 65.Kd4 Qa7+ 66.Kc3 Kg5 67.Re7 Qe3+ 68.Kc4 Qe2+ 69.Kd4 Qb2+ 70.Kc4 
Ne5+ 71.Kc5 Qc3+ 72.Kd6 Qxb4+ 73.Ke6 Ng6 74.Rb7 Qa4 75.Kd6 Qa3+ 76.Ke6 
Qa6+ 77.Kd7 Ne5+ 78.Kc7 Qf6 0-1

[Event "58h World U20 ch"]
[Site "New Delhi IND"]
[Date "2019.10.23"]
[Round "9.34"]
[White "Sterck, Arno"]
[Black "Doluweera, Minul Sanjula"]
[Result "1/2-1/2"]
[WhiteElo "2331"]
[BlackElo "2191"]
[EventDate "2019.10.15"]
[PlyCount "93"]

1.Nf3 Nf6 2.e3 c5 3.d4 g6 4.d5 Bg7 5.c4 e6 6.Nc3 exd5 7.cxd5 d6 8.Be2 O-O 
9.O-O Na6 10.Nd2 Nc7 11.e4 Rb8 12.a4 b6 13.Nc4 Re8 14.f3 Ba6 15.Na3 Bxe2 
16.Nxe2 a6 17.Nc4 b5 18.Na5 Ra8 19.Nc6 Qc8 20.Bf4 Bf8 21.Ng3 Nd7 22.b3 
bxa4 23.bxa4 a5 24.Qd2 Qa6 25.Bh6 Bxh6 26.Qxh6 Qd3 27.Rae1 Ne5 28.Nxe5 
Qd4+ 29.Kh1 Qxe5 30.f4 Qg7 31.Qh4 f6 32.Rf3 Kh8 33.Ref1 Rab8 34.f5 g5 35.
Qh5 Kg8 36.h4 h6 37.hxg5 hxg5 38.Qg6 Rf8 39.Qh5 Qh7 40.Qxh7+ Kxh7 41.Nh5 
Rb4 42.Rh3 Kg8 43.Ng3 Kg7 44.Nh5+ Kg8 45.Ng3 Kg7 46.Nh5+ Kg8 47.Ng3 
1/2-1/2

[Event "58h World U20 ch"]
[Site "New Delhi IND"]
[Date "2019.10.23"]
[Round "9.35"]
[White "Vykouk, Jan"]
[Black "Papadiamandis, Elliot"]
[Result "1-0"]
[WhiteElo "2468"]
[BlackElo "2190"]
[EventDate "2019.10.15"]
[PlyCount "91"]

1.e4 c5 2.Nf3 d6 3.d4 cxd4 4.Nxd4 Nf6 5.Nc3 a6 6.Be3 e5 7.Nb3 Be7 8.f3 Be6
9.Qd2 O-O 10.O-O-O Nbd7 11.g4 b5 12.g5 b4 13.Ne2 Ne8 14.f4 a5 15.f5 a4 16.
fxe6 axb3 17.cxb3 fxe6 18.Kb1 Qa5 19.Nc1 Nc7 20.h4 d5 21.exd5 exd5 22.Bg2 
e4 23.Bxe4 dxe4 24.Qxd7 Rf7 25.Qc6 Bf8 26.Rd7 Rxd7 27.Qxd7 Qe5 28.Rf1 Qe7 
29.Qxe7 Bxe7 30.Rf4 Nd5 31.Rxe4 Kf7 32.Nd3 Bd6 33.Bc5 Bxc5 34.Nxc5 Kg6 35.
Nd3 Rf8 36.Rd4 Ne3 37.Rxb4 Rf1+ 38.Nc1 Kh5 39.a4 Nf5 40.a5 Nxh4 41.a6 Rf8 
42.a7 Ra8 43.Rb7 Nf5 44.Rd7 Kxg5 45.b4 h5 46.b5 1-0

[Event "58h World U20 ch"]
[Site "New Delhi IND"]
[Date "2019.10.23"]
[Round "9.36"]
[White "Cansun, Can Alp"]
[Black "Amartuvshin, Ganzorig"]
[Result "1-0"]
[WhiteElo "2199"]
[BlackElo "2391"]
[EventDate "2019.10.15"]
[PlyCount "69"]

1.e4 c5 2.Nf3 e6 3.d4 cxd4 4.Nxd4 Nc6 5.Nc3 Qc7 6.g3 a6 7.Bg2 d6 8.O-O Bd7
9.Re1 Be7 10.Nxc6 Bxc6 11.Qg4 h5 12.Qe2 Nf6 13.h3 h4 14.g4 O-O-O 15.a4 Kb8
16.g5 Nh5 17.Be3 e5 18.b4 Rc8 19.b5 Qa5 20.bxc6 Qxc3 21.cxb7 Rc6 22.Rab1 
Qxc2 23.Qxh5 Rxh5 24.Ba7+ Kc7 25.b8=Q+ Kd7 26.Rb7+ Ke6 27.Qe8 Rc7 28.Rxc7 
Qxc7 29.Be3 Qd8 30.Qxd8 Bxd8 31.Bf3 Rh8 32.Bg4+ Ke7 33.Rb1 d5 34.Bc5+ Ke8 
35.exd5 1-0

[Event "58h World U20 ch"]
[Site "New Delhi IND"]
[Date "2019.10.23"]
[Round "9.38"]
[White "Jablonicky, Martin"]
[Black "Li, William"]
[Result "0-1"]
[WhiteElo "2333"]
[BlackElo "2161"]
[EventDate "2019.10.15"]
[PlyCount "76"]

1.Nf3 c5 2.g3 Nc6 3.Bg2 g6 4.O-O Bg7 5.d3 e5 6.c4 Nge7 7.Nc3 O-O 8.a3 d6 
9.Rb1 a5 10.Ne1 Be6 11.Nc2 d5 12.cxd5 Nxd5 13.Bd2 Nd4 14.Ne3 Nxe3 15.fxe3 
Nc6 16.Na4 c4 17.Nc5 Qe7 18.b4 axb4 19.axb4 e4 20.Nxe4 cxd3 21.exd3 Ba2 
22.b5 Bxb1 23.Qxb1 Ra1 24.Qb3 Na5 25.Qc2 Rxf1+ 26.Kxf1 Qa3 27.Ke2 Nb3 28.
Be1 Nc1+ 29.Kd2 Rd8 30.Nc5 Qxc5 31.Qxc5 Nb3+ 32.Kc2 Nxc5 33.d4 Ne6 34.Bxb7
Rb8 35.Bc6 Nc7 36.d5 Nxb5 37.Kd3 Nd6 38.Ba5 Rb3+ 0-1

[Event "58h World U20 ch"]
[Site "New Delhi IND"]
[Date "2019.10.23"]
[Round "9.44"]
[White "De Silva, Lasal M. S. T."]
[Black "Zrikem, Nassim"]
[Result "1/2-1/2"]
[WhiteElo "1879"]
[BlackElo "2125"]
[EventDate "2019.10.15"]
[PlyCount "60"]

1.e4 e5 2.Nf3 Nc6 3.Bc4 Nf6 4.d3 Be7 5.O-O O-O 6.Re1 d6 7.a4 Na5 8.Ba2 c5 
9.c3 Nc6 10.Na3 h6 11.Bd2 a6 12.b4 cxb4 13.cxb4 Bg4 14.Nc2 d5 15.exd5 Nxd5
16.Bxd5 Qxd5 17.Ne3 Bxf3 18.Nxd5 Bxd1 19.Nxe7+ Nxe7 20.Raxd1 Ng6 21.Be3 
Rad8 22.d4 Rfe8 23.dxe5 Nxe5 24.Rxd8 Rxd8 25.Kf1 Nd3 26.Rd1 Rd5 27.b5 axb5
28.axb5 Nb4 29.Rc1 b6 30.Bxb6 Rxb5 1/2-1/2

[Event "58h World U20 ch"]
[Site "New Delhi IND"]
[Date "2019.10.24"]
[Round "10.1"]
[White "Wang Shixu"]
[Black "Shtembuliak, Evgeny"]
[Result "1/2-1/2"]
[WhiteElo "2370"]
[BlackElo "2577"]
[EventDate "2019.10.15"]
[PlyCount "62"]

1.d4 g6 2.c4 Bg7 3.Nc3 d6 4.e4 e5 5.d5 a5 6.Be2 Na6 7.Be3 Bd7 8.Nf3 Nh6 9.
Qc1 Ng4 10.Bg5 f6 11.Bd2 f5 12.Ng5 Nc5 13.exf5 gxf5 14.h3 Nf6 15.Qc2 h6 
16.Ne6 Nxe6 17.dxe6 Bxe6 18.O-O-O O-O 19.g4 f4 20.Rhg1 Nh7 21.Ne4 Kh8 22.
Bd3 Bg8 23.h4 b5 24.g5 bxc4 25.Bxc4 Bxc4 26.gxh6 Bf6 27.Nxf6 Qxf6 28.Qxc4 
Qxh6 29.Rg4 Qh5 30.Rdg1 Qf7 31.Rxf4 Qxc4+ 1/2-1/2

[Event "58h World U20 ch"]
[Site "New Delhi IND"]
[Date "2019.10.24"]
[Round "10.2"]
[White "Santos Ruiz, Miguel"]
[Black "Aravindh, Chithambaram"]
[Result "1/2-1/2"]
[WhiteElo "2560"]
[BlackElo "2609"]
[EventDate "2019.10.15"]
[PlyCount "61"]

1.e4 c5 2.Nf3 d6 3.d4 cxd4 4.Nxd4 Nf6 5.Nc3 g6 6.Be3 Bg7 7.f3 O-O 8.Qd2 
Nc6 9.O-O-O d5 10.exd5 Nxd5 11.Nxc6 bxc6 12.Bd4 Bxd4 13.Qxd4 Qb6 14.Na4 
Qa5 15.b3 Qc7 16.g3 Bf5 17.Bd3 Bxd3 18.Rxd3 Rab8 19.a3 e5 20.Qe4 Qe7 21.
Kb2 f5 22.Qc4 e4 23.fxe4 Qxe4 24.Qxe4 fxe4 25.Rd4 Rbe8 26.Re1 e3 27.Nc3 
Rf2 28.Nxd5 cxd5 29.Rd3 e2 30.Kc3 Rxh2 31.Rxd5 1/2-1/2